| 000 | 00631nam a2200181 i 4500 | ||
|---|---|---|---|
| 001 | 82906 | ||
| 003 | ES-MaACL | ||
| 005 | 20230906174742.0 | ||
| 007 | t| | ||
| 008 | 041112s1976 sp ||||1| spa d | ||
| 245 | 0 | 0 |
_aEncuesta de equipamiento y nivel cultural de las familias _b: (abril 1975) / _cInstituto Nacional de Estadística. |
| 260 |
_aMadrid : _b[s.n.], _c1976. |
||
| 300 |
_a149 p. ; _c29 cm. |
||
| 505 | 8 | _aContiene: V. III: Movilidad social intergeneracional. | |
| 710 | 2 |
_aInstituto Nacional de Estadística (España) _95162 |
|
| 740 | 0 | _aMovilidad social intergeneracional. | |
| 852 |
_aES-MaACL _jA-8187 _bR.97375 |
||
| 999 |
_c82906 _d82906 |
||